000 00545nam a2200181 a 4500
005 20140310183540.0
008 111110s19uu xx 00 eng d
020 _a9781406652369
050 _aPC 4112
_b.D923 2009
100 _aDunnett, Susan
245 _aSpanish grammar :
_ba clear new approach /
_cSusan Dunnett.
260 _aEngland :
_bBBC Active,
_c2009.
300 _a272 p. :
_bcol. ill. ;
_c19 cm.
650 _aSpanish language
_xGrammar
650 _aSpanish language
_xSelf instruction
942 _cBK
_2lcc
_kFOR
999 _c24785
_d24785